India in 1920 (Record no. 553177)
[ view plain ]
| 000 -LEADER | |
|---|---|
| fixed length control field | 00679cam a2200157K 4500 |
| 082 ## - DEWEY DECIMAL CLASSIFICATION NUMBER | |
| Classification number | 954.0357 |
| Author Mark | WILL |
| 110 1# - MAIN ENTRY--CORPORATE NAME | |
| Corporate name or jurisdiction name as entry element | India. |
| 9 (RLIN) | 39679 |
| 245 10 - TITLE STATEMENT | |
| Title | India in 1920 |
| Remainder of title | a report prepared for presentation to Parliament in accordance with the requirements of the 26th section of the Government of India Act (5 & 6 Geo. V., Chap. 61) |
| Statement of responsibility, etc. | by L.F. Rushbrook Williams. |
| 260 ## - PUBLICATION, DISTRIBUTION, ETC. | |
| Place of publication, distribution, etc. | Calcutta, |
| Name of publisher, distributor, etc. | Superintendent Govt. Print., |
| Date of publication, distribution, etc. | 1921. |
| 300 ## - PHYSICAL DESCRIPTION | |
| Extent | 1 online resource (275 p.) |
| Other physical details | illus. |
| 526 ## - STUDY PROGRAM INFORMATION NOTE | |
| Program name | 0 |
| Interest level | 0 |
| Reading level | 0 |
| Title point value | 954_035700000000000_WILL |
| 650 ## - SUBJECT ADDED ENTRY--TOPICAL TERM | |
| Topical term or geographic name entry element | MCE |
| 9 (RLIN) | 379 |
| 700 1# - ADDED ENTRY--PERSONAL NAME | |
| Personal name | Rushbrook Williams, L. F. |
| 9 (RLIN) | 50333 |
| 856 40 - ELECTRONIC LOCATION AND ACCESS | |
| Uniform Resource Identifier | <a href="http://catalog.hathitrust.org/api/volumes/oclc/15865026.html">http://catalog.hathitrust.org/api/volumes/oclc/15865026.html</a> |
| 942 ## - ADDED ENTRY ELEMENTS (KOHA) | |
| Source of classification or shelving scheme | |
| Koha item type | Book |
| Withdrawn status | Lost status | Source of classification or shelving scheme | Damaged status | Not for loan | Permanent Location | Current Location | Shelving location | Date acquired | Total Checkouts | Full call number | Barcode | Date last seen | Price effective from | Koha item type |
|---|---|---|---|---|---|---|---|---|---|---|---|---|---|---|
| Military College of Engineering (MCE) | Military College of Engineering (MCE) | 02/02/2015 | 954.0357 WILL | MCE-ECI/46 | 02/02/2015 | 02/02/2015 | Book |
